Statistics for All Smash Bros Character's Up Special

Click here to take the quiz!

General Stats

  • This quiz has been taken 21 times
    (19 since last reset)
  • The average score is 51 of 99

Answer Stats

CharacterUp Special% Correct
MewtwoTeleport
92%
LucinaDolphin Slash
85%
MarthDolphin Slash
85%
YoshiEgg Throw
85%
Mr. Game & WatchFire
85%
LucasPK Thunder
85%
NessPK Thunder
85%
RyuShoryuken
85%
KenShoryuken
85%
InklingSuper Jump
85%
Dr. MarioSuper Jump Punch
85%
MarioSuper Jump Punch
85%
LuigiSuper Jump Punch
85%
ShulkAirslash
77%
FoxFire Fox
77%
JigglypuffSing
77%
IvysaurVine Whip
77%
IkeAether
69%
RobinElwind
69%
SteveElytra
69%
CharizardFly
69%
PikachuQuick Attack
69%
Dark SamusScrew Attack
69%
SamusScrew Attack
69%
SonicSpring Jump
69%
SquirtleWaterfall
69%
PichuAgility
62%
IncineroarCross Chop
62%
KirbyFinal Cutter
62%
FalcoFire Bird
62%
GreninjaHydro Pump
62%
PitPower Of Flight
62%
Dark PitPower Of Flight
62%
SimonUppercut
62%
RichterUppercut
62%
Hero (No Charge)Woosh
62%
Bowser Jr.Abandon Ship
54%
Mythra (Hold)Chroma Dust
54%
DaisyDaisy Parasol
54%
LucarioExtreme Speed
54%
Captain FalconFalcon Dive
54%
ZeldaFarore's Wind
54%
WolfFire Wolf
54%
PeachPeach Parasol
54%
Mega ManRush Coil
54%
Donkey KongSpinning Kong
54%
BowserWhirling Fortress
54%
BayonettaWitch Twist
54%
VillagerBalloon Trip
46%
IsabelleBalloon Trip
46%
CloudClimhazzard
46%
SnakeCypher
46%
GanondorfDark Dive
46%
Joker (Without Arsene)Grappling Hook
46%
Hero (Full Charge)Kaswoosh
46%
Rosalina & LumaLaunch Star
46%
Sephiroth (Full Charge)Octaslash
46%
Mythra (Tap)Ray of Punishment
46%
TerryRising Tackle
46%
Diddy KongRocketbarrel Boost
46%
LinkSpin Attack
46%
Toon LinkSpin Attack
46%
Young LinkSpin Attack
46%
Hero (Half Charge)Swoosh
46%
BylethSword Of The Creator
46%
PalutenaWarp
46%
OlimarWinged Pikmin
46%
Ice ClimbersBelay
38%
RoyBlazer
38%
Zero Suit SamusBoost Kick
38%
WarioCorkscrew
38%
Mii Swordfighter (3)Hero's Spin
38%
Pac-ManPac-Jump
38%
PyraProminence Revolt
38%
Meta KnightShuttle Loop
38%
King DededeSuper Dedede Jump
38%
Sephiroth (No Charge)Blade Dash
31%
CorrinDragon Ascent
31%
Piranha PlantPiranhacopter
31%
Little MacRising Uppercut
31%
R.O.B.Robo Burner
31%
ChromSoaring Slash
31%
Wii Fit TrainerSuper Hoop
31%
SheikVanish
31%
RidleyWing Blitz
31%
Min Min (In Air)ARM Hook
23%
Min Min (On Ground)ARMS Jump
23%
Duck HuntDuck Jump
23%
Mii Brawler (2)Helicopter Kick
23%
King K. RoolPropellerpack
23%
Mii Brawler (1)Soaring Axe Kick
23%
Mii Swordfighter (1)Stone Scabbard
23%
Joker (With Arsene)Wings Of Rebellion
23%
Mii Gunner (3)Arm Rocket
15%
Mii Gunner (2)Cannon Uppercut
15%
Mii Gunner (1)Lunar Launch
15%
Mii Brawler (3)Piston Punch
15%
Banjo & KazooieShock Spring Jump
15%
Mii Swordfighter (2)Skyward Slash Dash
15%

Score Distribution

Percentile by Number Answered

Percent of People with Each Score

Your Score History

You have not taken this quiz since the last reset